LEADER 01300nam a2200289 i 4500 001 000000064871 003 CaOOAMICUS 005 20091029000000.0 008 091029s1998 it u000 u ita u 013 $a36043 020 $a88-399-0402-6 040 $aSeMil$bita 100 1 $aRahner, Karl,$c.$0(OLS)http://semarc/name/61 240 14$aDer dreifaltige Gott als transzendenter Urgrund der Heilsgeschichte.$0(OLS)http://semarc/title/102856 245 13$aLa Trinità /$cKarl Rahner ; introduzione, glossario e indice analitico di Catherine Mowry Lacugna. 260 $aBrescia :$bQueriniana,$c1998. 300 $a135 p. ;$c23 cm. 490 0 $aBiblioteca di teologia contemporanea ;$v102 650 4$aTrinità - Teologia.$0(OLS)http://semarc/subject/1098 700 1 $aLacugna, Catherine Mowry <1952- >.$0(OLS)http://semarc/name/20029 830 0$aBiblioteca di teologia contemporanea ;$v102.$0(OLS)http://semarc/title/14 850 $aSeMil 852 $aSeMil$W1$xVenegono$y1$m2BA M 102$j31024$B31024$CSeMilBibl$Z2$F31027 $81 961 $aAcquisto: Casa editrice 996 $6020$a88-399-0402-6$9(OLS)http://semarc/number/41998 996 $6245$aLa Trinità$9(OLS)http://semarc/title/33914 996 $6260$aBrescia :$bQueriniana$9(OLS)http://semarc/publisher/29615 LEADER 01012nam a2200205 i 4500 001 000000205135 003 CaOOAMICUS 005 20110817000000.0 008 110817s1806 it u000 u ita u 013 $a183871 026 $az-s- lei- iote unlo (7) 1806 (A) 040 $aSeMil$bita 245 10$aDella guerra di Fiandra descritta dal cardinal Bentivoglio parte seconda. 300 $a428, [2] p. 490 0 $aEdizione delle opere classiche italiane 773 0 $aBentivoglio, Guido <1577-1644>$tOpere storiche del cardinal Bentivoglio. Volume 1. [-5.].$dMilano : Tip. de' Classici Italiani, contrada di S. Margherita, n.° 1118, 1806-1807.$kEdizione delle opere classiche italiane$g3$w()25300 830 0$aEdizione delle opere classiche italiane.$0(OLS)http://semarc/title/33675 850 $aSeMil 852 $aSeMil$W1$xVenegono$y1$m1M I 19 FA$j155629$B155629$CSeMilBibl$Z2$F166927 $8I 996 $6245$aDella guerra di Fiandra descritta dal cardinal Bentivoglio parte seconda$9(OLS)http://semarc/title/296969